Statystyki dla Reprezentacje grające na mistrzostwach świata w piłce ręcznej od 1999

Kliknij tutaj aby rozwiązać quiz!

Ogólne statystyki

  • Ten quiz został rozwiązany 120 razy
    (82 od ostatniego zresetowania)
  • Średni wynik to 37 z 52

Statystyki odpowiedzi

Odpowiedź% Poprawnych
Polska
99%
Hiszpania
96%
Niemcy
96%
Brazylia
94%
Francja
94%
Dania
93%
Argentyna
90%
Czechy
90%
Norwegia
90%
Stany Zjednoczone
90%
Szwecja
90%
Japonia
88%
Rosja
85%
Słowacja
85%
Portugalia
84%
Słowenia
84%
Ukraina
84%
Chorwacja
82%
Egipt
81%
Korea południowa
81%
Serbia
81%
Białoruś
79%
Holandia
79%
Australia
78%
Węgry
78%
Austria
76%
Belgia
75%
Chile
75%
Rumunia
75%
Chiny
74%
Grecja
74%
Islandia
74%
Arabia Saudyjska
72%
Iran
72%
Czarnogóra
71%
Katar
69%
Tunezja
69%
Szwajcaria
68%
Urugwaj
66%
Macedonia
63%
Algieria
62%
Maroko
59%
Bośnia i Hercegowina
47%
Nigeria
47%
Kuba
43%
Angola
37%
Demokratyczna Republika Konga
37%
Bahrajn
34%
Kuwejt
31%
Jugosławia
22%
Grenlandia
16%
Republika Zielonego przylądka
16%

Rozkład punktacji

Percentyl według liczby udzielonych odpowiedzi

Procent ludzi z każdym wynikiem

Twoja historia wyników

Nie rozwiązałeś tego quizu od ostatniego zresetowania